CO KUPUJEMY NA WAGĘ W SKLEPIE SPOŻYWCZYM? - Statystyki

Ogólne statystyki
  • Ten quiz został rozwiązany 246 razy
  • Średni wynik to 4 z 5
Statystyki odpowiedzi
Odpowiedź % Poprawnych
OWOCE
96%
WARZYWA
95%
MIĘSO
71%
SŁODYCZE
70%
SER
51%
Nie znaleziono quizów pasujących do podanych kryteriów
Rozkład punktacji
Procent ludzi z każdym wynikiem
Percentyl według liczby udzielonych odpowiedzi
Twoja historia wyników
Nie rozwiązałeś tego quizu